Łatwa geografia - prawda czy fałsz #2 - Statystyki

Ogólne statystyki
  • Ten quiz został rozwiązany 8 674 razy
  • Średni wynik to 12 z 15
Statystyki odpowiedzi
Zagadnienie Odpowiedź % Poprawnych
Chiny są większe od Francji Prawda
96%
Iran leży w Afryce Fałsz
92%
Grecja nie ma dostępu do morza Fałsz
92%
Szwecja leży dalej na północ niż Szwajcaria Prawda
92%
Kuba graniczy z Morzem Karaibskim Prawda
89%
Irak leży na Bliskim Wschodzie Prawda
89%
Na biegunie północnym zawsze jest noc Fałsz
87%
Ocean Spokojny jest największym oceanem na świecie Prawda
85%
Przez Chiny przepływa Rzeka Jangcy Prawda
83%
Step to obszar porośnięty lasem Fałsz
82%
Singapur jest państwem francuskojęzycznym Fałsz
75%
Portoryko to jest terytorium Stanów Zjednoczonych Prawda
67%
W miesiącach zimowych w Kairze pada więcej deszczu niż w Nowym Jorku Fałsz
66%
Biegun północny ma szerokość geograficzną 100°N Fałsz
64%
Od 1990 roku odsetek osób żyjących w skrajnym ubóstwie spadł Prawda
63%
Nie znaleziono quizów pasujących do podanych kryteriów
Rozkład punktacji
Procent ludzi z każdym wynikiem
Percentyl według liczby udzielonych odpowiedzi
Twoja historia wyników
Nie rozwiązałeś tego quizu